| 000 | 00535cam a22001691 4500 | ||
|---|---|---|---|
| 082 | 0 | 0 |
_a620 _bHAN _cL-21, P-14 |
| 100 | 1 |
_aEshbach, Ovid W. _947138 |
|
| 245 | 1 | 0 |
_aHandbook of engineering fundamentals, _cprepared by a staff of specialists. |
| 250 | _a2d ed. | ||
| 260 |
_aNew York, _bWiley _c[1952] |
||
| 300 |
_a1 v. _billus. _c22 cm. |
||
| 490 | 0 | _aWiley engineering handbook series | |
| 526 |
_a0 _b0 _c0 _d620_000000000000000_HAN |
||
| 650 | 0 |
_aEngineering _xHandbooks, manuals, etc. _947139 |
|
| 650 | 0 |
_aMCE _9379 |
|
| 942 |
_2ddc _cBK |
||
| 999 |
_c550428 _d550428 |
||